| 000 | 00465 a2200157 4500 | ||
|---|---|---|---|
| 020 | _a0131531069 : | ||
| 040 |
_aDLC _bDLC |
||
| 082 | 0 | 0 | _a001.5 |
| 245 | 0 | 0 |
_aCommunicating _cAnita Taylor ... [et al.]. |
| 260 |
_aEnglewood Cliffs, N.J. : _bPrentice-Hall, _cc1977. |
||
| 300 |
_axi, 466 p. : _bill. ; _c24 cm. |
||
| 490 | 0 | _aThe Prentice-Hall series in speech communication | |
| 650 | 0 | _aCommunication. | |
| 700 | 1 |
_aTaylor, Anita, _d1935- |
|
| 942 |
_cBK _k001.5 TAY _2ddc |
||
| 999 |
_c4922 _d4922 |
||